Food plant engineering systems

Saved in:
Bibliografiske detaljer
Hovedforfatter: Robberts, T. C (Author)
Format: Bog
Sprog:engelsk
Udgivet: Boca Ratón CRC 2002
Fag:
Tags: Tilføj Tag
Ingen Tags, Vær først til at tagge denne postø!

MARC

LEADER 00000nam a2200000 a 4500
001 UCK2779
003 CL-VaPUC
008 050318e20020000US |||||||||||||||||eng|d
020 |a 1566769698 
082 0 4 |a 664.00682  |b ROB  |2 21 
100 0 |a Robberts, T. C  |e author  |9 490762 
245 1 0 |a Food plant engineering systems 
300 |a 267 p 
942 |c BK 
945 |d 20050318 00:00:00  |a cmena 
260 |a Boca Ratón  |b CRC  |c 2002 
650 7 |a TECNOLOGIA DE ALIMENTOS  |2 CL-VaPUC  |9 490763 
650 0 |a Industria alimentaria  |9 331702 
650 0 |a Procesamiento de alimentos   |9 264607 
650 7 |a EQUIPO Y ACCESORIOS  |2 CL-VaPUC  |9 490764 
583 |a last modification  |c 20050318 00:00:00  |k Rodrigo Vera 
999 |c 312235  |d 312233 
952 |0 0  |1 0  |2 ddc  |4 0  |6 664_006820000000000_ROB_2002  |7 0  |8 A  |9 382211  |a BIBALI  |b BIBALI  |d 2019-11-21  |i 4100573  |l 3  |o 664.00682 ROB 2002  |p 4100573  |r 2025-01-20  |s 2021-12-16  |w 2019-11-21  |y BK  |k ALI